Кн. 1: Механика; Курс общей физики

Detalhes bibliográficos
Parent link:Курс общей физики: в 5 кн./ И. В. Савельев. Кн. 1: Механика.— , 2005.— 5-17-008962-7
Idioma:russo
Publicado em: 2005
Assuntos:
Formato: Livro
KOHA link:https://koha.lib.tpu.ru/cgi-bin/koha/opac-detail.pl?biblionumber=86617

MARC

LEADER 00000nam2a2200000 4500
001 86617
005 20231031101654.0
010 |a 5271010341 
035 |a (RuTPU)RU\TPU\book\93015 
090 |a 86617 
100 |a 20051128d2005 m y0rusy50 ca 
101 0 |a rus 
102 |a RU 
105 |a a j 001zy 
200 0 |a Кн. 1: Механика 
210 |d 2005 
215 |a 336 с.  |c ил. 
320 |a Предметный указатель: с. 332-336. 
461 1 |0 (RuTPU)RU\TPU\book\115175  |y 5-17-008962-7  |y 5-271-01033-3  |t Курс общей физики  |o в 5 кн.  |o учебное пособие для втузов  |f И. В. Савельев  |v Кн. 1: Механика  |d 2005 
610 1 |a физика 
610 1 |a механика 
610 1 |a кинематика 
610 1 |a законы сохранения 
610 1 |a релятивистская механика 
610 1 |a гравитация 
610 1 |a колебательное движение 
610 1 |a гидродинамика 
610 1 |a учебные пособия 
675 |a 53(075.8)  |v 3 
675 |a 531(075.8)  |v 3 
801 1 |a RU  |b 63413507  |c 20030226  |g PSBO 
801 2 |a RU  |b 63413507  |c 20070927  |g PSBO 
942 |c BK